Catholic University of Zimbabwe Library
Online Public Access Catalogue
(OPAC)

Roman Pentecost. (Record no. 4648)

MARC details
000 -LEADER
fixed length control field 00644cam a2200253 4500
001 - CONTROL NUMBER
control field 0000004838
005 - DATE AND TIME OF LATEST TRANSACTION
control field 20170406120136.0
008 - FIXED-LENGTH DATA ELEMENTS--GENERAL INFORMATION
fixed length control field 700720s1970 enk b 000 0 eng
010 ## - LIBRARY OF CONGRESS CONTROL NUMBER
LC control number 77480311
015 ## - NATIONAL BIBLIOGRAPHY NUMBER
National bibliography number B70-05903
020 ## - INTERNATIONAL STANDARD BOOK NUMBER
International Standard Book Number 0241018080
035 ## - SYSTEM CONTROL NUMBER
-- (DLC) 77480311
040 ## - CATALOGING SOURCE
Original cataloging agency DLC
Transcribing agency DLC
Modifying agency DLC
050 00 - LIBRARY OF CONGRESS CALL NUMBER
Classification number PR6007.A668
Item number R6
082 00 - DEWEY DECIMAL CLASSIFICATION NUMBER
Classification number 821/.9/14
100 1# - MAIN ENTRY--PERSONAL NAME
Personal name Davie, Ian.
245 10 - TITLE STATEMENT
Title Roman Pentecost.
260 ## - PUBLICATION, DISTRIBUTION, ETC.
Place of publication, distribution, etc. London :
Name of publisher, distributor, etc. Hamilton,
Date of publication, distribution, etc. 1970.
300 ## - PHYSICAL DESCRIPTION
Extent 48 p. ;
Dimensions 23 cm.
350 ## - PRICE (NR) (BK AM CF MU VM SE) [OBSOLETE]
Price 21/-
500 ## - GENERAL NOTE
General note A poem sequence.
504 ## - BIBLIOGRAPHY, ETC. NOTE
Bibliography, etc. note Includes bibliographical references.
908 ## - PUT COMMAND PARAMETER (RLIN)
Put command parameter 141121
Holdings
Withdrawn status Lost status Source of classification or shelving scheme Damaged status Not for loan Home library Current library Shelving location Date acquired Total Checkouts Full call number Barcode Date last seen Copy number Price effective from Koha item type
          CUZ Harare Campus CUZ Harare Campus Open Shelf 06.04.2017   PR 6007.A668 .R6 BK0004602 05.02.2018 CU2105 06.04.2017 OS Book

OPENING HOURS

Weekdays: 0815hrs - 1800hrs
Weekends:0900hrs - 1200hrs

Closed for Mass:

Mon, Thur: 1200hrs - 1300hrs
Sunday & Public Holiday’s

CALL SUPPORT

0242-570570, 0242-570169
09200664, +263 8644140602

LOCATION

18443, Cranborne Avenue, Hatfield, Harare

Other Links


©2021 | CUZ Library